[Event "Havana Gilberto Garcia Memorial-A"]
[Site "Havana"]
[Date "2024.03.03"]
[Round "7"]
[White "Zayas Sosa, Alfredo"]
[Black "Collazo Perez, Jorge Luis"]
[Result "1-0"]
[WhiteElo "1975"]
[BlackElo "1766"]
[PlyCount "71"]
[EventDate "2024.02.24"]
[EventType "tourn"]
[EventRounds "9"]
[EventCountry "CUB"]
[SourceTitle "CB13_2024"]
[SourceDate "2024.03.27"]
[SourceVersion "1"]
[SourceVersionDate "2024.03.27"]
[SourceQuality "1"]

1. d4 Nf6 2. c4 e6 3. Nc3 Bb4 4. f3 Bxc3+ 5. bxc3 c5 6. e4 Qa5 7. Bd2 d6 8. Bd3 e5 9. d5 Nbd7 10. Ne2 Nh5 11. 0-0 h6 12. g4 Nhf6 13. Ng3 g6 14. Qc1 h5 15. g5 h4 16. Ne2 Nh5 17. Qe1 Ng7 18. Kh1 b6 19. Bc2 Ba6 20. Bb3 0-0-0 21. Qc1 Kb8 22. a4 Bc8 23. f4 f6 24. gxf6 Nxf6 25. fxe5 Nxe4 26. e6 Rdf8 27. Rxf8 Rxf8 28. Bh6 Rf2 29. Qe3 Rxe2 30. Qxe2 Qxc3 31. Bxg7 Qxg7 32. Re1 Nf6 33. Rf1 Qh8 34. Qb2 h3 35. Qxf6 Qh6 36. Qf4 1-0

[Event "Havana Gilberto Garcia Memorial-A"]
[Site "Havana"]
[Date "2024.03.02"]
[Round "6"]
[White "Almaguel Mendez, Adrian Jesus"]
[Black "Zayas Sosa, Alfredo"]
[Result "1-0"]
[WhiteElo "1970"]
[BlackElo "1975"]
[PlyCount "67"]
[EventDate "2024.02.24"]
[EventType "tourn"]
[EventRounds "9"]
[EventCountry "CUB"]
[SourceTitle "CB13_2024"]
[SourceDate "2024.03.27"]
[SourceVersion "1"]
[SourceVersionDate "2024.03.27"]
[SourceQuality "1"]

1. e4 e5 2. Nf3 Nc6 3. Bb5 a6 4. Ba4 b5 5. Bb3 Na5 6. Nxe5 Nxb3 7. axb3 Qg5 8. Nf3 Qxg2 9. Rg1 Qh3 10. d3 d6 11. Nc3 c6 12. Bf4 Qd7 13. Qe2 b4 14. Na4 Qb7 15. e5 d5 16. Be3 Nh6 17. Bc5 Nf5 18. d4 h6 19. Kd2 Rb8 20. Bxf8 Kxf8 21. Nc5 Qb6 22. c3 bxc3+ 23. bxc3 Qd8 24. b4 Nh4 25. Nxa6 Ra8 26. Nxh4 Qxh4 27. Nc5 Rxa1 28. Rxa1 g6 29. e6 Qf4+ 30. Qe3 Qxh2 31. Ra7 Qb8 32. Rxf7+ Ke8 33. Qf3 Qa8 34. Qf6 1-0

[Event "Havana Gilberto Garcia Memorial-A"]
[Site "Havana"]
[Date "2024.02.24"]
[Round "2"]
[White "Hernandez Meilan, Manuel"]
[Black "Zayas Sosa, Alfredo"]
[Result "1/2-1/2"]
[WhiteElo "1684"]
[BlackElo "1975"]
[PlyCount "21"]
[EventDate "2024.02.24"]
[EventType "tourn"]
[EventRounds "9"]
[EventCountry "CUB"]
[SourceTitle "CB13_2024"]
[SourceDate "2024.03.27"]
[SourceVersion "1"]
[SourceVersionDate "2024.03.27"]
[SourceQuality "1"]

1. e4 e5 2. Nf3 Nc6 3. Nc3 Nf6 4. Bc4 Bc5 5. 0-0 0-0 6. h3 d6 7. d3 h6 8. Nd5 Nxd5 9. Bxd5 Bd7 10. c3 Ne7 11. Bb3 1/2-1/2

[Event "Portela Memorial tt"]
[Site "Havana"]
[Date "2018.07.24"]
[Round "9.1"]
[White "Blanco Milet, Leandro"]
[Black "Zayas Sosa, Alfredo"]
[Result "0-1"]
[WhiteElo "2037"]
[BlackElo "2153"]
[PlyCount "66"]
[EventDate "2018.07.16"]
[EventType "team-tourn"]
[EventRounds "9"]
[EventCountry "CUB"]
[SourceTitle "EXT 2021"]
[Source "ChessBase"]
[SourceDate "2020.10.23"]
[SourceVersion "1"]
[SourceVersionDate "2020.10.23"]
[SourceQuality "1"]

1. d4 d5 2. Nc3 g6 3. f3 Bg7 4. Bf4 Nf6 5. Qd2 h6 6. e4 c6 7. e5 Nfd7 8. 0-0-0 Nb6 9. g4 h5 10. Qg2 hxg4 11. fxg4 N8d7 12. Nf3 Nf8 13. Ng5 Ne6 14. Nxe6 Bxe6 15. h4 Qd7 16. Be2 0-0-0 17. h5 gxh5 18. Rxh5 Rhg8 19. Rg1 f6 20. b3 Rdf8 21. Bf3 Bf7 22. Rh4 fxe5 23. dxe5 Be6 24. Bh2 Qc7 25. Re1 Nd7 26. Rh5 Qa5 27. Kb2 d4 28. Ne4 Qxe1 29. Ng5 Qc3+ 30. Kb1 Bd5 31. Bxd5 cxd5 32. Ne6 d3 33. cxd3 Qe1+ 0-1

[Event "Portela Memorial tt"]
[Site "Havana"]
[Date "2018.07.23"]
[Round "8.1"]
[White "Zayas Sosa, Alfredo"]
[Black "Pulido Alvarez, Ariel"]
[Result "1/2-1/2"]
[WhiteElo "2153"]
[BlackElo "2289"]
[PlyCount "62"]
[EventDate "2018.07.16"]
[EventType "team-tourn"]
[EventRounds "9"]
[EventCountry "CUB"]
[SourceTitle "EXT 2021"]
[Source "ChessBase"]
[SourceDate "2020.10.23"]
[SourceVersion "1"]
[SourceVersionDate "2020.10.23"]
[SourceQuality "1"]

1. d4 Nf6 2. c4 g6 3. Nc3 d5 4. cxd5 Nxd5 5. Bd2 Nb6 6. e3 Bg7 7. f4 N8d7 8. Ne4 0-0 9. Rc1 Nf6 10. Ng3 Be6 11. b3 a5 12. Qc2 c6 13. Nf3 a4 14. f5 axb3 15. axb3 Bxf5 16. Nxf5 gxf5 17. Qxf5 Qd5 18. Qxd5 Nbxd5 19. Bd3 Bh6 20. e4 Bxd2+ 21. Kxd2 Nf4 22. Bb1 Ra3 23. g3 Ne6 24. Kc3 Rd8 25. Rhd1 Ra5 26. Rd2 Ra1 27. Re2 Ra5 28. Rce1 Kg7 29. Ra2 Rxa2 30. Bxa2 Ra8 31. Bb1 Ne8 1/2-1/2

[Event "Portela Memorial tt"]
[Site "Havana"]
[Date "2018.07.20"]
[Round "4.1"]
[White "Zayas Sosa, Alfredo"]
[Black "Ibanez Milian, Dagoberto"]
[Result "0-1"]
[WhiteElo "2153"]
[BlackElo "2223"]
[PlyCount "25"]
[EventDate "2018.07.16"]
[EventType "team-tourn"]
[EventRounds "9"]
[EventCountry "CUB"]
[SourceTitle "EXT 2021"]
[Source "ChessBase"]
[SourceDate "2020.10.23"]
[SourceVersion "1"]
[SourceVersionDate "2020.10.23"]
[SourceQuality "1"]

1. g3 Nf6 2. Bg2 g6 3. Nf3 Bg7 4. d3 d6 5. c4 e5 6. Bg5 h6 7. Bd2 Be6 8. Qc1 Nbd7 9. h3 Rc8 10. g4 d5 11. g5 hxg5 12. Nxg5 d4 13. Qc2 0-1

[Event "Portela Memorial tt"]
[Site "Havana"]
[Date "2018.07.16"]
[Round "1.1"]
[White "Llorente Bello, Eduardo"]
[Black "Zayas Sosa, Alfredo"]
[Result "1/2-1/2"]
[WhiteElo "2125"]
[BlackElo "2153"]
[PlyCount "82"]
[EventDate "2018.07.16"]
[EventType "team-tourn"]
[EventRounds "9"]
[EventCountry "CUB"]
[SourceTitle "EXT 2021"]
[Source "ChessBase"]
[SourceDate "2020.10.23"]
[SourceVersion "1"]
[SourceVersionDate "2020.10.23"]
[SourceQuality "1"]

1. d4 Nf6 2. Nf3 e6 3. c4 b6 4. g3 Bb7 5. Bg2 Bb4+ 6. Bd2 Bxd2+ 7. Qxd2 d6 8. Nc3 0-0 9. Qc2 c5 10. e3 cxd4 11. exd4 d5 12. Ne5 Nc6 13. Rd1 Qe7 14. 0-0 Nb4 15. Qa4 Rfc8 16. a3 Nc6 17. cxd5 exd5 18. Nxd5 Nxd5 19. Bxd5 Nxe5 20. dxe5 Rc7 21. Bxb7 Rxb7 22. Rd5 Rc7 23. Rfd1 h6 24. h4 Rac8 25. Qe4 Rc1 26. Rxc1 Rxc1+ 27. Kg2 Rc8 28. Qd4 Qb7 29. Kh2 Rc1 30. h5 Qc6 31. Qe4 Qe8 32. Rd6 Rc5 33. Qd3 Rc8 34. f4 Qa4 35. Kh3 Rf8 36. Kg4 Qe8 37. Qf5 Qb5 38. Qd3 Qxb2 39. Rd8 Rxd8 40. Qxd8+ Kh7 41. Qd3+ Kg8 1/2-1/2

[Event "Maria Teresa Mora Memorial op"]
[Site "Havana"]
[Date "2018.??.??"]
[Round "8"]
[White "Blanco Milet, Leandro"]
[Black "Zayas Sosa, Alfredo"]
[Result "0-1"]
[WhiteElo "2053"]
[BlackElo "2147"]
[PlyCount "106"]
[EventDate "2018.03.08"]
[EventType "swiss"]
[EventRounds "9"]
[EventCountry "CUB"]
[SourceTitle "EXT 2021"]
[Source "ChessBase"]
[SourceDate "2020.10.23"]
[SourceVersion "1"]
[SourceVersionDate "2020.10.23"]
[SourceQuality "1"]

1. e4 e5 2. Nf3 Nc6 3. d4 exd4 4. Bc4 Nf6 5. e5 d5 6. Bb5 Ne4 7. Nxd4 Bd7 8. Bxc6 bxc6 9. 0-0 Bc5 10. Be3 0-0 11. Nd2 Nxd2 12. Qxd2 Qe7 13. Nb3 Bb6 14. Qc3 Rfe8 15. f4 a5 16. Nc5 Bf5 17. Bd4 Bxc5 18. Bxc5 Qe6 19. Rf3 Reb8 20. a3 Rb5 21. Raf1 a4 22. b4 axb3 23. cxb3 d4 24. Qxd4 Rxb3 25. Rxb3 Qxb3 26. Rd1 h5 27. Rd2 Rb8 28. Kf2 h4 29. Bb4 h3 30. Qe3 Qe6 31. g3 Rb5 32. Qe2 Rd5 33. Qe3 Qd7 34. Ke1 Qe6 35. Kf2 Qd7 36. Ke1 Qd8 37. Bc5 Qb8 38. Rxd5 cxd5 39. Qd2 Qb1+ 40. Qd1 Qe4+ 41. Qe2 Qh1+ 42. Kd2 Be4 43. Kc3 c6 44. Qd2 Qf1 45. Bd6 Qc4+ 46. Kb2 c5 47. a4 d4 48. a5 Bd5 49. Qc2 Qa2+ 50. Kc1 Qa1+ 51. Qb1 Qxa5 52. Qb8+ Kh7 53. Qb1+ g6 0-1

[Event "Giraldilla de La Habana tt"]
[Site "Havana"]
[Date "2018.??.??"]
[Round "7.2"]
[White "Zayas Sosa, Alfredo"]
[Black "Machado la Rosa, Adrian"]
[Result "1/2-1/2"]
[WhiteElo "2153"]
[BlackElo "2182"]
[PlyCount "82"]
[EventDate "2018.07.27"]
[EventType "team-tourn"]
[EventRounds "9"]
[EventCountry "CUB"]
[SourceTitle "EXT 2021"]
[Source "ChessBase"]
[SourceDate "2020.10.23"]
[SourceVersion "1"]
[SourceVersionDate "2020.10.23"]
[SourceQuality "1"]

1. d4 d5 2. Nf3 Nf6 3. e3 c5 4. b3 Nc6 5. Bb2 Bf5 6. Bd3 Bxd3 7. cxd3 cxd4 8. Nxd4 e6 9. 0-0 Bd6 10. Nxc6 bxc6 11. f4 Qe7 12. d4 h5 13. Nd2 g5 14. Qc1 Qc7 15. Ba3 Ng4 16. Bxd6 Qxd6 17. Nf3 gxf4 18. exf4 Rc8 19. h3 Nh6 20. Nh4 Qe7 21. g3 Rg8 22. Kh2 Qf6 23. f5 Nxf5 24. Nxf5 exf5 25. Qc5 Kd7 26. Rae1 Qd6 27. Qxd6+ Kxd6 28. Rxf5 Rce8 29. Rf6+ Re6 30. Ref1 Rg7 31. Kg2 Ke7 32. R6f5 Rh7 33. Kf2 Re4 34. Re1 Rxe1 35. Kxe1 f6 36. Kf2 Ke6 37. Rf3 f5 38. Re3+ Kd6 39. b4 h4 40. Re5 hxg3+ 41. Kxg3 Rh5 1/2-1/2

[Event "Maria Teresa Mora Memorial op"]
[Site "Havana"]
[Date "2018.??.??"]
[Round "4"]
[White "Zayas Sosa, Alfredo"]
[Black "Morales Garcia, Alexei"]
[Result "0-1"]
[WhiteElo "2147"]
[BlackElo "2113"]
[PlyCount "100"]
[EventDate "2018.03.08"]
[EventType "swiss"]
[EventRounds "9"]
[EventCountry "CUB"]
[SourceTitle "EXT 2021"]
[Source "ChessBase"]
[SourceDate "2020.10.23"]
[SourceVersion "1"]
[SourceVersionDate "2020.10.23"]
[SourceQuality "1"]

1. d4 Nf6 2. c4 e6 3. Nc3 Bb4 4. Nf3 d5 5. cxd5 exd5 6. Bg5 c6 7. a3 Be7 8. Qc2 Nbd7 9. e3 0-0 10. Bd3 h6 11. Bh4 Re8 12. 0-0 Ne4 13. Bxe4 dxe4 14. Bxe7 Qxe7 15. Nd2 Nf6 16. Rfe1 c5 17. dxc5 Qxc5 18. Nb3 Qg5 19. Kh1 Qh4 20. Kg1 Re5 21. Nd2 Ng4 22. Nf1 Nxh2 23. Nxh2 Rh5 24. Qxe4 Qxh2+ 25. Kf1 Bf5 26. Qd4 Rh4 27. e4 Re8 28. Qd3 Rf4 29. Qb5 Re6 30. Ne2 Qh1+ 31. Ng1 Bxe4 32. Rxe4 Rfxe4 33. Qxb7 Qh5 34. Nf3 Qc5 35. b4 Qc3 36. Rd1 Re7 37. Qa8+ Kh7 38. Kg1 Qf6 39. Qd5 g5 40. Qd2 g4 41. Nh2 h5 42. Nf1 Re2 43. Qd3+ Kg7 44. Qg3 R2e4 45. Ne3 h4 46. Qxh4 Qxh4 47. Nf5+ Kf6 48. Nxh4 Re1+ 49. Rxe1 Rxe1+ 50. Kh2 Ra1 0-1

[Event "Capablanca Memorial op-B 45th"]
[Site "Havana"]
[Date "2011.05.13"]
[Round "3"]
[White "Fernandez Rodriguez, Angel Luis"]
[Black "Zayas Sosa, Alfredo"]
[Result "1/2-1/2"]
[WhiteElo "2116"]
[BlackElo "2217"]
[PlyCount "86"]
[EventDate "2011.05.11"]
[EventType "swiss"]
[EventRounds "7"]
[EventCountry "CUB"]
[SourceTitle "CBM 142 Extra"]
[Source "ChessBase"]
[SourceDate "2011.06.27"]
[SourceVersion "1"]
[SourceVersionDate "2011.06.27"]
[SourceQuality "1"]

1. d4 Nf6 2. c4 c5 3. d5 e5 4. Nc3 d6 5. e4 Be7 6. Bd3 Nbd7 7. Nge2 0-0 8. Ng3 Ne8 9. 0-0 Bg5 10. Bxg5 Qxg5 11. Qc1 Qf6 12. a3 g6 13. b4 Qh4 14. Nce2 Nef6 15. h3 Kg7 16. f4 b6 17. Qc3 Nh5 18. Nxh5+ Qxh5 19. Ng3 Qh4 20. Bc2 Kg8 21. f5 Nf6 22. Qe3 g5 23. Bd1 Kh8 24. Re1 Rg8 25. Qf2 g4 26. hxg4 Nxg4 27. Bxg4 Rxg4 28. Re3 Bd7 29. Rc1 Rag8 30. Rcc3 f6 31. Qe1 Be8 32. Kf2 Bh5 33. Kg1 Qg5 34. Kf2 Be8 35. Ke2 h5 36. Qh1 h4 37. Kf1 Rg7 38. Ne2 Kg8 39. g3 Bh5 40. bxc5 bxc5 41. Kf2 Be8 42. Rb3 Rh7 43. Kg2 Kf8 1/2-1/2

[Event "Capablanca Memorial op-B 45th"]
[Site "Havana"]
[Date "2011.05.12"]
[Round "2"]
[White "Zayas Sosa, Alfredo"]
[Black "Perez Bohigas, Lays Monica"]
[Result "1-0"]
[WhiteElo "2217"]
[BlackElo "2056"]
[PlyCount "61"]
[EventDate "2011.05.11"]
[EventType "swiss"]
[EventRounds "7"]
[EventCountry "CUB"]
[SourceTitle "CBM 142 Extra"]
[Source "ChessBase"]
[SourceDate "2011.06.27"]
[SourceVersion "1"]
[SourceVersionDate "2011.06.27"]
[SourceQuality "1"]

1. d4 d5 2. c4 c6 3. Nc3 Nf6 4. e3 Nbd7 5. Nf3 e6 6. Qc2 Be7 7. Bd3 dxc4 8. Bxc4 b5 9. Bd3 Qc7 10. Nxb5 Qb6 11. Nc3 0-0 12. 0-0 Bb7 13. e4 Ba6 14. Bxa6 Qxa6 15. Bg5 Rfe8 16. e5 Nd5 17. Bxe7 Rxe7 18. Ng5 g6 19. Nxd5 exd5 20. b4 f6 21. exf6 Nxf6 22. Rfc1 Rc8 23. a4 Ree8 24. h3 Kg7 25. Re1 Qb7 26. Rxe8 Rxe8 27. Rb1 a6 28. Qc5 Nd7 29. Qd6 Nb6 30. Ne6+ Kg8 31. Nd8 1-0

[Event "Havana Province-ch sf Fase 1"]
[Site "Havana"]
[Date "2010.05.10"]
[Round "4"]
[White "Zayas Sosa, Alfredo"]
[Black "Ibanez Milian, Dagoberto"]
[Result "1/2-1/2"]
[WhiteElo "2165"]
[BlackElo "2244"]
[PlyCount "104"]
[EventDate "2010.05.05"]
[EventType "swiss"]
[EventRounds "9"]
[EventCountry "CUB"]
[EventCategory "1"]
[SourceTitle "EXT 2019"]
[Source "ChessBase"]
[SourceDate "2018.10.10"]
[SourceVersion "1"]
[SourceVersionDate "2018.10.10"]
[SourceQuality "1"]

1. d4 d6 2. Nf3 Bg4 3. e3 Nf6 4. h3 Bh5 5. Nbd2 Nbd7 6. g4 Bg6 7. Nh4 e5 8. c3 c6 9. Nxg6 hxg6 10. Bg2 exd4 11. cxd4 d5 12. a3 a5 13. b3 Bd6 14. Bb2 g5 15. Qc2 Nf8 16. Qf5 g6 17. Qd3 Ne6 18. Nf3 Qe7 19. Ne5 Nd7 20. 0-0 Nxe5 21. dxe5 Bc5 22. b4 Bb6 23. b5 0-0 24. bxc6 bxc6 25. Kh1 Rfb8 26. Rab1 Qa7 27. Qc2 Bc5 28. Bc1 Rxb1 29. Qxb1 Rb8 30. Qc2 a4 31. Bf3 Rb3 32. Bd1 Qa6 33. Kg1 Qa5 34. Qa2 Rb8 35. Bd2 Qc7 36. Qa1 d4 37. Bxa4 Qxe5 38. Bxc6 Bd6 39. f4 gxf4 40. exf4 Qc5 41. Qc1 Qxa3 42. Qxa3 Bxa3 43. f5 gxf5 44. gxf5 Nd8 45. Be4 Rb3 46. Kg2 Bd6 47. Rf3 Rb2 48. Rf2 Nb7 49. Bxb7 Rxb7 50. Kf3 Rb3+ 51. Ke4 Rxh3 52. Rg2+ Rg3 1/2-1/2

[Event "Havana Province-ch sf Fase 1"]
[Site "Havana"]
[Date "2010.05.07"]
[Round "2"]
[White "Zayas Sosa, Alfredo"]
[Black "Rey Rodriguez, Yosvany"]
[Result "1/2-1/2"]
[WhiteElo "2165"]
[BlackElo "2117"]
[PlyCount "122"]
[EventDate "2010.05.05"]
[EventType "swiss"]
[EventRounds "9"]
[EventCountry "CUB"]
[EventCategory "1"]
[SourceTitle "EXT 2019"]
[Source "ChessBase"]
[SourceDate "2018.10.10"]
[SourceVersion "1"]
[SourceVersionDate "2018.10.10"]
[SourceQuality "1"]

1. d4 Nf6 2. c4 g6 3. Nc3 d5 4. Qb3 dxc4 5. Qxc4 Bg7 6. e4 0-0 7. Be2 a6 8. Be3 c6 9. Rd1 b5 10. Qd3 Qc7 11. Nf3 Rd8 12. Qc2 h6 13. h3 Be6 14. 0-0 Nbd7 15. Rc1 Qb7 16. Nd2 Ne8 17. g4 Nb6 18. e5 Nd5 19. Nxd5 Bxd5 20. Ne4 e6 21. g5 h5 22. Bd3 Bxe4 23. Bxe4 Rac8 24. Bxc6 Qe7 25. Qb3 Nc7 26. Rc2 Nd5 27. Bxd5 Rxc2 28. Qxc2 exd5 29. Qc6 Qe6 30. Qxe6 fxe6 31. Rc1 Ra8 32. Rc7 Bf8 33. Kf1 a5 34. Bd2 b4 35. Ke2 Rb8 36. Rc6 Kf7 37. Ra6 Rb5 38. Kd3 Be7 39. Ra7 Kf8 40. Kc2 Bd8 41. Ra8 Ke8 42. a3 bxa3 43. bxa3 Kd7 44. Ra7+ Ke8 45. a4 Rb8 46. Rg7 Rc8+ 47. Kd3 Rc4 48. Rxg6 Kf7 49. Rh6 Rxa4 50. Rxh5 Ra3+ 51. Kc2 Kg7 52. Rh6 Ra2+ 53. Kc3 Rxd2 54. Rxe6 Rxf2 55. Rd6 Rf3+ 56. Kb2 Bxg5 57. Rxd5 Bd2 58. Rd7+ Kf8 59. d5 Rxh3 60. e6 Bb4 61. d6 Bxd6 1/2-1/2

[Event "Havana City-ch"]
[Site "Havana"]
[Date "2009.12.16"]
[Round "4"]
[White "Zayas Sosa, Alfredo"]
[Black "Martinez Ival, Carlos"]
[Result "1-0"]
[WhiteElo "2167"]
[BlackElo "2083"]
[PlyCount "61"]
[EventDate "2009.12.13"]
[EventType "swiss"]
[EventRounds "9"]
[EventCountry "CUB"]
[SourceTitle "CBM 134 Extra"]
[Source "ChessBase"]
[SourceDate "2010.03.03"]
[SourceVersion "1"]
[SourceVersionDate "2010.03.03"]
[SourceQuality "1"]

1. d4 Nf6 2. c4 e6 3. g3 d5 4. Nf3 Bb4+ 5. Bd2 Be7 6. Bg2 c6 7. Qc2 0-0 8. 0-0 b6 9. b3 Ba6 10. Bf4 Nbd7 11. Nbd2 Rc8 12. e4 c5 13. exd5 exd5 14. Rfe1 cxd4 15. Nxd4 Bb4 16. Nf5 Ne4 17. Bxe4 dxe4 18. Qxe4 Nf6 19. Qc2 Qd7 20. a3 Bxd2 21. Bxd2 Rc5 22. Ne7+ Kh8 23. Bb4 Rh5 24. Rad1 Qh3 25. f3 Rg5 26. Qg2 Qh5 27. f4 Rg4 28. Re4 g5 29. Rde1 Rb8 30. h3 Bb7 31. Nd5 1-0

[Event "Havana UCI op 8th"]
[Site "Havana"]
[Date "2009.11.09"]
[Round "5"]
[White "Zayas Sosa, Alfredo"]
[Black "Salgado Segui, Roberto"]
[Result "1-0"]
[WhiteElo "2167"]
[BlackElo "2176"]
[PlyCount "97"]
[EventDate "2009.11.04"]
[EventType "swiss"]
[EventRounds "9"]
[EventCountry "CUB"]
[SourceTitle "EXT 2011"]
[Source "ChessBase"]
[SourceDate "2010.11.26"]
[SourceVersion "1"]
[SourceVersionDate "2010.11.26"]
[SourceQuality "1"]

1. d4 Nf6 2. c4 c5 3. d5 d6 4. Nc3 g6 5. Nf3 Bg7 6. g3 0-0 7. Bg2 e6 8. 0-0 exd5 9. cxd5 Re8 10. Nd2 Nbd7 11. a4 a6 12. Nc4 Ne5 13. Na3 Rb8 14. h3 Qc7 15. Kh2 h6 16. f4 Ned7 17. Qd3 b6 18. e4 Bb7 19. Bd2 Nh7 20. Rae1 Nhf8 21. Nd1 Rbc8 22. b3 Qb8 23. Bc3 f6 24. Ne3 Re7 25. h4 c4 26. bxc4 Nc5 27. Qc2 Rce8 28. Ng4 Nfd7 29. Nf2 Bc8 30. Re3 Nf8 31. Rfe1 Bd7 32. a5 Ba4 33. Qe2 bxa5 34. Ng4 Nfd7 35. Rb1 Bb3 36. Qb2 Kf7 37. e5 fxe5 38. fxe5 Nxe5 39. Bxe5 Bxe5 40. Qf2+ Kg7 41. Rxe5 dxe5 42. Qxc5 h5 43. Nf2 e4 44. d6 Re5 45. Qd4 a4 46. Nxe4 Kh6 47. Rf1 Qd8 48. Rf7 R8e6 49. Ng5 1-0

[Event "Havana UCI op 8th"]
[Site "Havana"]
[Date "2009.11.07"]
[Round "4"]
[White "Valido Bouza, Cesar Jose"]
[Black "Zayas Sosa, Alfredo"]
[Result "1-0"]
[WhiteElo "2211"]
[BlackElo "2167"]
[PlyCount "71"]
[EventDate "2009.11.04"]
[EventType "swiss"]
[EventRounds "9"]
[EventCountry "CUB"]
[SourceTitle "EXT 2011"]
[Source "ChessBase"]
[SourceDate "2010.11.26"]
[SourceVersion "1"]
[SourceVersionDate "2010.11.26"]
[SourceQuality "1"]

1. e4 c5 2. Nf3 d6 3. d4 cxd4 4. Nxd4 Nf6 5. Nc3 g6 6. Bc4 Bg7 7. h3 0-0 8. Bb3 Nc6 9. Be3 a6 10. 0-0 Bd7 11. f4 Qc7 12. Nd5 Nxd5 13. exd5 Na5 14. c3 Nc4 15. Bxc4 Qxc4 16. Qb3 b5 17. Rac1 Rac8 18. Rfe1 Rfe8 19. Nc2 Bf5 20. Nb4 a5 21. Nc6 a4 22. Qxc4 bxc4 23. Bd4 Bf8 24. a3 Bd7 25. Nb4 Bh6 26. Be3 Ra8 27. Kf2 Bg7 28. Bd4 Bh6 29. Kf3 Bf8 30. g4 e6 31. Kg3 e5 32. Be3 f5 33. gxf5 gxf5 34. Kf3 Kf7 35. Rg1 Bg7 36. Rg2 1-0

[Event "Havana Municipal-ch 12th"]
[Site "Havana"]
[Date "2009.09.26"]
[Round "9"]
[White "Zayas Sosa, Alfredo"]
[Black "Alvarez Fernandez, Carlos Rene"]
[Result "0-1"]
[WhiteElo "2163"]
[BlackElo "2054"]
[PlyCount "117"]
[EventDate "2009.09.15"]
[EventType "swiss"]
[EventRounds "11"]
[EventCountry "CUB"]
[EventCategory "1"]
[SourceTitle "EXT 2012"]
[Source "ChessBase"]
[SourceDate "2011.11.24"]
[SourceVersion "1"]
[SourceVersionDate "2011.11.24"]
[SourceQuality "1"]

1. d4 Nf6 2. c4 g6 3. Nc3 Bg7 4. Nf3 0-0 5. g3 d6 6. Bg2 Nc6 7. 0-0 e5 8. d5 Ne7 9. e4 Ne8 10. Ne1 f5 11. Nd3 Nf6 12. f4 Nd7 13. Rb1 c6 14. Be3 cxd5 15. Nxd5 Nxd5 16. cxd5 fxe4 17. Bxe4 Nf6 18. Bg2 Ng4 19. Qe2 Bf5 20. Rbe1 Nxe3 21. Qxe3 Bxd3 22. Qxd3 Qb6+ 23. Kh1 exf4 24. b3 fxg3 25. Qxg3 Be5 26. Qg4 Qc7 27. Qe6+ Kg7 28. Qg4 Rxf1+ 29. Rxf1 Rf8 30. Rxf8 Kxf8 31. Qg5 Qf7 32. Qe3 b6 33. Qf3 Bf4 34. Qc3 Kg8 35. Be4 Be5 36. Qf3 Qc7 37. Qe3 Kg7 38. Qg5 Bf6 39. Qd2 Qe7 40. Bf3 Be5 41. Kg1 Qh4 42. Kh1 Qh3 43. Qg2 Qh4 44. Qd2 g5 45. Qe2 Qf4 46. Kg1 Kf6 47. Kh1 Qh4 48. Kg1 Qh3 49. Qg2 Qh4 50. Qe2 Qh3 51. Qg2 Qf5 52. Qe2 Qf4 53. Kh1 Qc1+ 54. Kg2 Qf4 55. Kh1 Qh4 56. Kg1 Qh3 57. Qg2 Qxg2+ 58. Kxg2 Kf5 59. h3 0-1

[Event "Havana Municipal-ch 12th"]
[Site "Havana"]
[Date "2009.09.25"]
[Round "8"]
[White "Cancio Bello Ayes, Flavia"]
[Black "Zayas Sosa, Alfredo"]
[Result "0-1"]
[WhiteElo "2101"]
[BlackElo "2163"]
[PlyCount "114"]
[EventDate "2009.09.15"]
[EventType "swiss"]
[EventRounds "11"]
[EventCountry "CUB"]
[EventCategory "1"]
[SourceTitle "EXT 2012"]
[Source "ChessBase"]
[SourceDate "2011.11.24"]
[SourceVersion "1"]
[SourceVersionDate "2011.11.24"]
[SourceQuality "1"]

1. e4 c5 2. Nf3 d6 3. d4 cxd4 4. Nxd4 Nf6 5. Nc3 g6 6. g3 Nc6 7. Bg2 Nxd4 8. Qxd4 Bg7 9. 0-0 0-0 10. Qd3 Be6 11. Nd5 Nxd5 12. exd5 Bf5 13. Qe2 Rc8 14. c3 Re8 15. Bg5 h6 16. Be3 b6 17. Qd2 Kh8 18. h3 Rc4 19. g4 Bd7 20. Rfe1 Qc8 21. Bf1 Rc7 22. a4 Qb7 23. Ra3 e5 24. dxe6 Rxe6 25. f4 f5 26. a5 fxg4 27. axb6 axb6 28. Bg2 Bc6 29. hxg4 Rce7 30. Bxc6 Qxc6 31. Kf2 Bf6 32. Kg3 h5 33. g5 Bg7 34. Raa1 Qb5 35. Bf2 Qf5 36. Rxe6 Qg4+ 37. Kh2 Rxe6 38. Re1 b5 39. Rxe6 Qxe6 40. Qe3 Qf5 41. Bg3 Qc2+ 42. Qf2 Qxf2+ 43. Bxf2 Kg8 44. Kg2 Kf7 45. Kf3 Ke6 46. Ke4 d5+ 47. Kf3 Kf5 48. Be1 d4 49. cxd4 Bxd4 50. b3 Bc5 51. Bh4 Bd6 52. Bg3 Bc7 53. Bh2 h4 54. Ke3 Bb6+ 55. Kf3 Bc5 56. Kg2 Be3 57. Kf3 Bc1 0-1

[Event "Havana Municipal-ch 12th"]
[Site "Havana"]
[Date "2009.09.22"]
[Round "7"]
[White "Zayas Sosa, Alfredo"]
[Black "Ramos Tuya, Moises"]
[Result "1-0"]
[WhiteElo "2163"]
[BlackElo "1976"]
[PlyCount "57"]
[EventDate "2009.09.15"]
[EventType "swiss"]
[EventRounds "11"]
[EventCountry "CUB"]
[EventCategory "1"]
[SourceTitle "EXT 2012"]
[Source "ChessBase"]
[SourceDate "2011.11.24"]
[SourceVersion "1"]
[SourceVersionDate "2011.11.24"]
[SourceQuality "1"]

1. e4 e5 2. Nf3 Qe7 3. Nc3 Nf6 4. Bc4 c6 5. 0-0 d6 6. d4 b5 7. dxe5 dxe5 8. Bd3 Qc7 9. a4 b4 10. Ne2 Be7 11. Ng3 0-0 12. Qe2 h6 13. Nh4 Bg4 14. f3 Be6 15. Nhf5 Bc5+ 16. Kh1 Kh7 17. f4 Nbd7 18. Nxh6 gxh6 19. f5 Qd6 20. fxe6 Qxe6 21. Nf5 Ng8 22. Qg4 Qg6 23. Qh3 Ndf6 24. Nxh6 Nxh6 25. Bxh6 Qxh6 26. Qxh6+ Kxh6 27. Rxf6+ Kg5 28. Raf1 Be3 29. R1f5+ 1-0

[Event "Havana Municipal-ch 12th"]
[Site "Havana"]
[Date "2009.09.19"]
[Round "5"]
[White "Rabelo Prieto, Rances"]
[Black "Zayas Sosa, Alfredo"]
[Result "1-0"]
[WhiteElo "2081"]
[BlackElo "2163"]
[PlyCount "63"]
[EventDate "2009.09.15"]
[EventType "swiss"]
[EventRounds "11"]
[EventCountry "CUB"]
[EventCategory "1"]
[SourceTitle "EXT 2012"]
[Source "ChessBase"]
[SourceDate "2011.11.24"]
[SourceVersion "1"]
[SourceVersionDate "2011.11.24"]
[SourceQuality "1"]

1. e4 c5 2. c3 Nf6 3. e5 Nd5 4. d4 cxd4 5. cxd4 e6 6. Nf3 Nc6 7. a3 Be7 8. Bd3 d6 9. exd6 Qxd6 10. 0-0 Bd7 11. Nbd2 Nf6 12. Nc4 Qd5 13. Ne3 Qd6 14. Nc4 Qd5 15. Ne3 Qh5 16. b4 g5 17. b5 Nd8 18. Be2 g4 19. Ne5 Rg8 20. N3xg4 Nxg4 21. Bxg4 Qh4 22. g3 Qf6 23. Nxd7 Kxd7 24. Bf4 Ke8 25. Re1 Qg6 26. Bf3 Qf5 27. Bg2 Qxb5 28. d5 exd5 29. Qh5 Qd3 30. Bd6 Ne6 31. Rxe6 Rg5 32. Rxe7+ 1-0